Power politics : (Registro nro. 19992)
[ vista simple ]
| 000 -CABECERA | |
|---|---|
| Campo de control | 01159cam a2200277 a 4500 |
| 005 - FECHA Y HORA DE LA ULTIMA TRANSACCION | |
| Campo de control | 20171127093907.0 |
| 008 - ELEMENTOS DE LONGITUD FIJA—INFORMACION GENERAL | |
| Campo de control | 020614s2002 dcuad b 000 0 eng |
| 020 ## - ISBN | |
| ISBN | 1569735034 (pbk.) |
| 040 ## - FUENTE DE CATALOGACIÓN | |
| Agencia catalogadora original | DLC |
| Agencia transcriptora | DLC |
| Agencia Modificadora | Co-BoIAVH |
| 041 ## - IDIOMA | |
| Código de idioma para texto/pista de sonido o título separado | Inglés |
| 042 ## - AUTHENTICATION CODE | |
| Authentication code | pcc |
| 082 00 - NUMERO DE CLASIFICACION DECIMAL DEWEY | |
| Número de clasificación | 333.793/2 |
| Número del ítem | P88p |
| 245 00 - MENCION DE TITULO | |
| Título | Power politics : |
| Parte restante del título | equity and environment in electricity reform ; contributors, Daniel Bouille ... [et al.] / |
| Mención de responsabilidad | edited by Navroz K. Dubash. |
| 260 ## - PUBLICACION, DISTRIBUCION, ETC. (PIE DE IMPRENTA) | |
| Lugar de publicación, distribución, etc. | Washington, DC : |
| Nombre del editor, distribuidor, etc. | World Resources Institute, |
| Fecha de publicación, distribución, etc. | c2002. |
| 300 ## - DESCRIPCION FISICA | |
| Extensión | 175 páginas. : |
| Otros detalles físicos | Ilustraciones y gráficas. |
| Dimensiones | 26 x 21cm. |
| 504 ## - NOTA DE BIBLIOGRAFIA, ETC. | |
| Nota de bibliografía | Includes bibliographical references. |
| 650 #0 - ASIENTO SECUNDARIO DE MATERIA - TERMINO TEMATICO | |
| Término temático o nombre geográfico como elemento de entrada | Electric power |
| Subdivisión general | Government policy |
| Subdivisión de forma | Case studies. |
| 9 (RLIN) | 87282 |
| 650 #0 - ASIENTO SECUNDARIO DE MATERIA - TERMINO TEMATICO | |
| Término temático o nombre geográfico como elemento de entrada | Electric power |
| Subdivisión general | Environmental aspects |
| Subdivisión de forma | Case studies. |
| 9 (RLIN) | 87283 |
| 700 1# - ASIENTO SECUNDARIO - NOMBRE PERSONAL | |
| Nombre personal | Dubash, Navroz K. |
| 9 (RLIN) | 17924 |
| 700 1# - ASIENTO SECUNDARIO - NOMBRE PERSONAL | |
| Nombre personal | Bouille, Daniel. |
| 9 (RLIN) | 87284 |
| 710 1# - ASIENTO SECUNDARIO - NOMBRE CORPORATIVO | |
| Nombre corporativo o de jurisdicción como elemento de entrada | World Resources Institute. |
| 9 (RLIN) | 3765 |
| 856 41 - LOCALIZACION Y ACCESO ELECTRONICOS | |
| Especificación de los materiales | Table of contents |
| Identificador Uniforme del Recurso | http://www.loc.gov/catdir/toc/fy035/2002108597.html |
| 906 ## - LOCAL DATA ELEMENT F, LDF (RLIN) | |
| a | 7 |
| b | cbc |
| c | orignew |
| d | 2 |
| e | epcn |
| f | 20 |
| g | y-gencatlg |
| 942 ## - ELEMENTOS ADICIONALES (KOHA) | |
| Sistema de clasificación | Dewey Decimal Classification |
| Tipo de ítem | Libro |
| Withdrawn status | Lost status | Sistema de Clasificación | Damaged status | No para préstamo | Colección | Ubicación Permanente | Ubicación actual | Fecha de adquisición | Total Checkouts | Número topográfico | Inventario / Código de Barras | Date last seen | Ejemplar | Price effective from | Forma de adquisición | Tipo de material |
|---|---|---|---|---|---|---|---|---|---|---|---|---|---|---|---|---|
| Dewey Decimal Classification | General | Bogotá | Bogotá | 27/11/2017 | LB-333.793/2 P88p | 003422 | 27/11/2017 | Ej. 1 | 27/11/2017 | Donación | Libro |